000 00411nam a2200169Ia 4500
001 24142
005 20260414151023.0
008 260414t2012||||xx |||||||||||||| ||spa||
041 _aESP
082 _a781.63
_bC78
100 _aCornejo Díaz, Marcela
_eAUT
245 0 _aMúsica popular tradiciobal del Valle del Chili
_b
260 _c2012
650 _aABD
654 _aCAU
942 _cLIB
_dJUS
_fJUS
_2ddc
_n
999 _c24142
_d24142